Best Surf Spots By Region - Statistics

General Stats
  • This quiz has been taken 48 times
    39 since last reset
  • The average score is 8 of 23
Answer Stats
Hint Answer % Correct
Hawaii Pipeline
91%
French Polynesia Teahupoo
84%
France Hossegor
72%
South Africa Jeffrey's Bay
72%
Bali Padang Padang
59%
Namibia Skeleton Bay
56%
Fiji Cloudbreak
53%
California Lower Trestles
44%
Gold Coast Aus Snapper Rocks
44%
Bali Keramas
34%
California Rincon
34%
Mentawais Lance's Right
28%
Java G-Land
25%
Gold Coast Aus Duranbah
19%
Mentawais Kandui Left
19%
Philipines Cloud Nine
16%
Mentawais Greenbush
16%
Sumatra Nias
16%
Barbados Soup Bowl
16%
Mexico Barra De La Cruz
13%
Hawaii Honolua Bay
9%
Puerto Rico Gas Chambers
6%
Micronesia P-Pass
6%
No matching quizzes found
Score Distribution
Percent of People with Each Score
Percentile by Number Answered
Your Score History
You have not taken this quiz since the last reset